00375nam a2200133Ia 4500001000400000008004100004020002200045082002600067100003500093245004300128260002700171901002800198999001500226622241024s9999 xx 000 0 und d a978-9945-020-87-8 aRD/199.7293/M385f/v.3 aArchivo General de la Nación 0aFilosofia Dominicana pasado y presente bEd. Alfa & Omegac2010 a19/11/2010 2:55:24 p.m. c9937d9937